| 000 | 01759cam a2200241 a 4500 | ||
|---|---|---|---|
| 001 | 000013637 | ||
| 003 | DO-SdBNP | ||
| 005 | 20251118122141.0 | ||
| 008 | 790201s1977 cr 001 0 spa | ||
| 040 |
_aDO-SdBNP _bspa _cBNPHU |
||
| 082 | 4 |
_a 346.73086 _bB213i |
|
| 245 | 0 | 3 | _aLa Banca de interés social en América Latina |
| 260 |
_aSan José, Costa Rica : _bCEDAL, _c1977. |
||
| 300 |
_a141 p. ; _c24 cm. |
||
| 490 | 1 |
_aSeminarios y documentos _v28 |
|
| 500 | _aTítulo de la cubierta: Documentos de trabajo. | ||
| 505 | _a Brenes, P. et al. La banca obrera en la Alemania contemporáne.--Lewinsky. A. Los bancos de trabajadores de Latinoamérica y del Caribe y el Banco Hapoalim de Israel.--Regev, A. Características de los bancos de trabajadores en América Latina.--Bustamente, J. et al. Colombia: instituciones financieras de interés social.--Murillo, L. A. et al. El Banco Popular y de Desarrollo Comunal.--Castillo, G. Costa Rica: el financiamiento comunal.--Rose, F. L. Jamaica: desarrollo del Banco de los Trabajadores.--Saviñón, R. E. República Dominicana: el Banco de los Trabajadores.--Pinto, F. O. y Staback, C. A. Venezuela: El Banco de los Trabajadores.--Becerra, P. J. et al. Necesidades y posibilidades de mejoramiento en las formas de cooperación entre instituciones financieras de interés social en América Latina.--Araujo, R. et al. Modelos de cooperación entre instituciones financieras de interés social.--Araya, R. et al. Cooperación entre bancas de interés social a nivel latinoamericano. | ||
| 650 | 4 |
_aBancos cooperativos _zAmérica Latina _931049 |
|
| 650 | 4 |
_aBancos cooperativos _931050 |
|
| 651 | 4 |
_aAmérica Latina _xCondiciones económicas _95778 |
|
| 740 | 0 | _aDocumentos de trabajo. | |
| 942 |
_2ddc _cLBS1 |
||
| 999 |
_c13251 _d13251 |
||